Scooby-Doo Theme Song Quiz Stats

Quiz Updated Nov 19, 2014

Challenge
Share
Tweet
Embed
Score 0/110 Timer 05:00
1 Play Today
stanza word % Correct
1st StanzaScooby-
99.5%
2nd StanzaScooby-
99.5%
3rd StanzaScooby-
99.5%
3rd StanzaScooby-
99.5%
3rd StanzaScooby
99.5%
4th StanzaScooby-
99.5%
4th StanzaScooby-
99.5%
1st StanzaScooby-
99.5%
1st Stanzado
99.4%
1st StanzaDoo,
98.5%
1st StanzaDoo,
98.5%
2nd StanzaDoo,
98.5%
3rd StanzaDoo
98.5%
3rd StanzaDoo
98.5%
4th StanzaDoo,
98.5%
4th StanzaDoo,
98.5%
1st Stanzayou?
98.5%
1st Stanzayou?
98.5%
2nd Stanzayou
98.5%
2nd Stanzayou
98.5%
2nd Stanzayou
98.5%
3rd StanzaYou
98.5%
3rd Stanzayou
98.5%
4th Stanzayou.
98.5%
4th Stanzayou
98.5%
1st Stanzayou
98.5%
1st Stanzawhere
98.1%
1st Stanzawhere
98.1%
1st Stanzaare
98.1%
1st Stanzaare
98.1%
4th Stanzaare
98.1%
2nd Stanzaa
95%
3rd Stanzaa
95%
3rd Stanzaa
95%
1st StanzaDooby-
94.6%
1st StanzaDooby-
94.6%
4th StanzaDooby-
94.6%
stanza word % Correct
1st StanzaWe
93.6%
1st StanzaWe
93.6%
3rd Stanzawe
93.6%
4th Stanzawe
93.6%
1st Stanzato
92.1%
3rd Stanzato
92.1%
1st Stanzagot
89.6%
2nd Stanzagot
89.6%
3rd Stanzagot
89.6%
1st Stanzanow.
89.5%
1st Stanzanow.
89.4%
3rd Stanzaso
88.9%
1st Stanzasome
88.1%
1st Stanzasome
88.1%
1st Stanzawork
81.1%
2nd StanzaI
77.9%
2nd StanzaI
77.9%
4th StanzaI
77.9%
1st Stanzaneed
73.6%
2nd Stanzame,
73%
1st Stanzafrom
69.9%
1st Stanzahelp
69.3%
2nd Stanzaand
69.2%
3rd StanzaAnd
69.2%
4th Stanzaand
69.2%
2nd Stanzathe
67.5%
3rd Stanzahave
66.6%
2nd Stanzaon
65.4%
3rd StanzaSnack.
65.4%
4th Stanzaon
65.4%
3rd Stanzaknow
64.2%
4th Stanzaknow
64.2%
2nd Stanzasee
63.1%
2nd Stanzasee,
63.1%
3rd Stanzamystery
62%
3rd Stanzasolve,
60.1%
2nd StanzaCome
59.9%
stanza word % Correct
3rd Stanzacome
59.9%
3rd Stanzayour
58.4%
2nd Stanzacan
56.9%
4th Stanzacan
56.9%
3rd Stanzafor
54.6%
4th Stanzathat
53.3%
2nd StanzaYou're
53%
3rd Stanzayou're
53%
4th StanzaYou're
53%
4th Stanzayou're
53%
3rd StanzaDon't
49.8%
3rd Stanzaback!
49.6%
3rd Stanzabe
46.2%
3rd Stanzaready
44.7%
4th Stanzaready
44.7%
4th Stanzawe'll
44.6%
2nd Stanzashiver.
44.4%
2nd Stanzashake
43.2%
3rd Stanzaif
43.1%
4th StanzaIf
43.1%
4th Stanzacatch
41.9%
3rd Stanzayourself
41.4%
2nd Stanzaway
41.1%
4th Stanzacount
41%
3rd Stanzagonna
40.8%
2nd Stanzanot
38.7%
3rd Stanzahold
38.1%
4th Stanzawilling.
37.5%
4th Stanzavillain.
35.9%
2nd Stanzacause
35.6%
3rd Stanzathrough
34.7%
2nd Stanzafooling
33.6%
4th Stanzahere
33.1%
3rd Stanzaact.
32.7%
2nd Stanzapretending
30.1%
2nd Stanzasliver.
27.7%

You're not logged in!

Compare scores with friends on all Sporcle quizzes.
Sign Up with Email
OR
Log In

You Might Also Like...

Show Comments

Extras

Top Quizzes Today


Score Distribution

Your Account Isn't Verified!

In order to create a playlist on Sporcle, you need to verify the email address you used during registration. Go to your Sporcle Settings to finish the process.